|
|
|
|
| LEADER |
01210cam a22003011a 4500 |
| 001 |
c000274239 |
| 003 |
CARM |
| 005 |
20071019085319.0 |
| 008 |
721213r1955 ilua 000 0 eng |
| 010 |
|
|
|a 55008513
|
| 019 |
1 |
|
|a 636035
|5 LACONCORD2021
|
| 035 |
|
|
|a (OCoLC)252488
|5 LACONCORD2021
|
| 040 |
|
|
|a LC
|b eng
|c LC
|d NNCU:A
|d VCAV
|
| 043 |
|
|
|a n-us---
|
| 050 |
0 |
0 |
|a HJ257
|b .A82
|
| 082 |
0 |
0 |
|a 336
|
| 082 |
0 |
4 |
|a 336
|2 22
|
| 110 |
2 |
|
|a American Economic Association.
|
| 245 |
1 |
0 |
|a Readings in fiscal policy /
|c selected by a committee of the American Economic Association. [Selection committee: Arthur Smithies and J. Keith Butters].
|
| 260 |
|
|
|a Homewood, Ill., :
|b Published for the association by R. D. Irwin,
|c 1955.
|
| 300 |
|
|
|a 596 p. :
|b ill. ;
|c 24 cm.
|
| 490 |
0 |
|
|a The Series of republished articles on economics ;
|v v. 7
|
| 650 |
|
0 |
|a Finance, Public
|z United States
|y 1933-
|
| 650 |
|
0 |
|a Currency question
|z United States.
|
| 700 |
1 |
|
|a Smithies, Arthur,
|e ed.
|
| 852 |
8 |
|
|b CARM
|h A1:AM12B0
|i B09380
|p 0396268
|f BK
|
| 999 |
f |
f |
|i a36df57a-a2f2-5f3b-9f9f-edab0adac914
|s 35ae3a58-8c22-5363-aed2-f833ce7ee1c2
|
| 952 |
f |
f |
|p Can circulate
|a CAVAL
|b CAVAL
|c CAVAL
|d CARM 1 Store
|e B09380
|f A1:AM12B0
|h Other scheme
|i book
|m 0396268
|